书目信息 |
| 题名: |
水晶报表Crystal Reports XI中文版标准教材
|
|
| 作者: | 邹光宗 编著 | |
| 分册: | ||
| 出版信息: | 北京 电子工业出版社 2005.11 |
|
| 页数: | 328页 | |
| 开本: | 28cm | |
| 丛书名: | ||
| 单 册: | ||
| 中图分类: | F231.5-39 | |
| 科图分类: | ||
| 主题词: | 会计 | |
| 电子资源: | ||
| ISBN: | 7-121-01724-5 | |
| 000 | 00653nam0 2200193 450 | |
| 001 | 1461878105 | |
| 005 | 20141106171314.26 | |
| 010 | @a7-121-01724-5@dCNY38.00 | |
| 100 | @a20141106d2005 km y0chiy0120 ea | |
| 101 | 0 | @achi |
| 102 | @aCN@b110000 | |
| 200 | 1 | @a水晶报表Crystal Reports XI中文版标准教材@Ashui jing bao biao Crystal Reports XI zhong wen ban biao zhun jiao cai@f邹光宗编著@Fzou guang zong bian zhu |
| 210 | @a北京@c电子工业出版社@d2005.11 | |
| 215 | @a328页@d28cm | |
| 606 | 0 | @a会计 |
| 690 | @aF231.5-39@v4 | |
| 701 | 0 | @a邹光宗@Azou guang zong@4编著 |
| 801 | 0 | @aCN@b大连网信软件有限公司图书馆·11@c20141106 |
| 905 | @aZUCC@dF231.5-39@eZ967 | |
| 水晶报表Crystal Reports XI中文版标准教材/邹光宗编著.-北京:电子工业出版社,2005.11 |
| 328页;28cm |
| ISBN 7-121-01724-5:CNY38.00 |
| ● |
| 相关链接 |
|
|
|
正题名:水晶报表Crystal Reports XI中文版标准教材
索取号:F231.5-39/Z967
 
预约/预借
| 序号 | 登录号 | 条形码 | 馆藏地/架位号 | 状态 | 备注 |
| 1 | 494841 | 204948414 | 计算机与数据科学学院资料室/ [索取号:F231.5-39/Z967] | 在馆 |